[Event "NATO-ch 33rd"]
[Site "Portoroz"]
[Date "2023.09.08"]
[Round "7"]
[White "Frontini, Yuri Diego"]
[Black "Parker, Glen D"]
[Result "1-0"]
[WhiteElo "2050"]
[BlackElo "1973"]
[PlyCount "46"]
[EventDate "2023.09.04"]
[EventType "swiss"]
[EventRounds "7"]
[EventCountry "SLO"]
[SourceTitle "EXT 2024"]
[Source "ChessBase"]
[SourceDate "2023.10.10"]
[SourceVersion "1"]
[SourceVersionDate "2023.10.10"]
[SourceQuality "1"]

1. e4 e5 2. Bc4 Nc6 3. Nc3 Nf6 4. d3 Bb4 5. Bg5 h6 6. Bd2 d6 7. a3 Bc5 8. Na4 Bb6 9. Nxb6 axb6 10. Nf3 0-0 11. h3 d5 12. exd5 Nxd5 13. 0-0 Re8 14. Re1 Bf5 15. Nh4 Qxh4 16. Bxd5 e4 17. dxe4 Bxe4 18. g3 Qxh3 19. Rxe4 Red8 20. c4 Rd7 21. Qf3 Kh8 22. Rh4 Ne5 23. Qf4 Ng6 1-0

[Event "Rome Steinitz op 1st"]
[Site "Rome"]
[Date "2002.07.05"]
[Round "1"]
[White "Tacchi, Fabio"]
[Black "Frontini, Yuri Diego"]
[Result "0-1"]
[WhiteElo "1771"]
[BlackElo "1500"]
[PlyCount "98"]
[EventDate "2002.07.05"]
[EventType "swiss"]
[EventRounds "5"]
[EventCountry "ITA"]
[SourceTitle "EXT 2007"]
[Source "ChessBase"]
[SourceDate "2006.11.23"]
[SourceVersion "1"]
[SourceVersionDate "2006.11.23"]
[SourceQuality "1"]

1. d4 d5 2. c4 c6 3. Nf3 Nf6 4. e3 e6 5. Nbd2 Bd6 6. b3 0-0 7. Bb2 a5 8. Bd3 Nbd7 9. 0-0 Re8 10. Ne5 Qc7 11. f4 b6 12. g4 Bb7 13. g5 Ne4 14. Nxe4 dxe4 15. Bxe4 f5 16. Bg2 Nxe5 17. fxe5 Be7 18. Qh5 g6 19. Qh6 Bf8 20. Qh4 Bg7 21. Rad1 Rad8 22. Ba3 c5 23. Bxb7 Qxb7 24. Qf4 Qc7 25. Kf2 Rd7 26. h4 Red8 27. Ke2 a4 28. Bb2 axb3 29. axb3 cxd4 30. exd4 Ra8 31. Ra1 Qc6 32. Rxa8+ Qxa8 33. Qf3 Qa2 34. Qc3 Qa8 35. Rf3 Qe4+ 36. Qe3 Qc2+ 37. Qd2 Qe4+ 38. Re3 Qxh4 39. d5 Qxg5 40. d6 Bh6 41. Bd4 f4 42. Rf3 Qg2+ 43. Bf2 g5 44. Qa2 g4 45. Qa8+ Kg7 46. Qe8 Qxf3+ 47. Ke1 Rf7 48. d7 Qc3+ 49. Ke2 f3+ 0-1